<?xml version="1.0" encoding="UTF-8"?>
<record
    xmlns:xsi="http://www.w3.org/2001/XMLSchema-instance"
    xsi:schemaLocation="http://www.loc.gov/MARC21/slim http://www.loc.gov/standards/marcxml/schema/MARC21slim.xsd"
    xmlns="http://www.loc.gov/MARC21/slim">

  <leader>00325nam a2200085   4500</leader>
  <controlfield tag="001">1232545</controlfield>
  <controlfield tag="005">20250922173138.0</controlfield>
  <datafield tag="245" ind1=" " ind2=" ">
    <subfield code="a">B&#x130;L&#x130;M VE TEKN&#x130;K GL&#xDC;TEN HAMURUN KABARMASININ ARDINDAK&#x130; MOLEK&#xDC;LER H&#x130;KAYE&#x2026; B&#x130;R PROTE&#x130;N, B&#x130;R&#xC7;OK ETK&#x130; VE TEPK&#x130;!</subfield>
    <subfield code="c">TEKNOFEST 2025 CO&#x15E;KUSU</subfield>
  </datafield>
  <datafield tag="260" ind1=" " ind2=" ">
    <subfield code="b">T&#xDC;B&#x130;TAK POP&#xDC;LER B&#x130;L&#x130;M K&#x130;TAPLARI</subfield>
  </datafield>
  <datafield tag="999" ind1=" " ind2=" ">
    <subfield code="c">1232545</subfield>
    <subfield code="d">1232545</subfield>
  </datafield>
  <datafield tag="952" ind1=" " ind2=" ">
    <subfield code="0">0</subfield>
    <subfield code="1">0</subfield>
    <subfield code="2">ddc</subfield>
    <subfield code="4">0</subfield>
    <subfield code="7">0</subfield>
    <subfield code="a">1058</subfield>
    <subfield code="b">1058</subfield>
    <subfield code="d">2025-09-22</subfield>
    <subfield code="l">0</subfield>
    <subfield code="o">Q23</subfield>
    <subfield code="p">1058107296</subfield>
    <subfield code="r">2025-09-22 17:32:24</subfield>
    <subfield code="w">2025-09-22</subfield>
    <subfield code="y">BK</subfield>
  </datafield>
</record>
